| 000 | 00000nam##2200000za#4500 |
| 001 | 9.570004 |
| 003 | CaOODSP |
| 005 | 20210624182032 |
| 007 | cr ||||||||||| |
| 008 | 150406|2006||||xxc|||||o f|0| 0 eng|d |
| 040 | |aCaOODSP|beng |
| 043 | |an-cn--- |
| 086 | 1 |aNH18-1-2/162-2006E-PDF |
| 110 | 2 |aCanada Mortgage and Housing Corporation. |
| 245 | 10|aSeniors' housing for seniors : |h[electronic resource]|ba feasibility study, final report / |cprepared by Glenn Drover and William Wade. |
| 260 | |aOttawa - Ontario : |bCanada Mortgage and Housing Corporation |cOctober 2006. |
| 300 | |a96p.|bfig., graphs, references, tables |
| 490 | 1 |aResearch report |
| 546 | |a(Résumé en français.) |
| 590 | |a11-26-Supp|b2011-11-03 |
| 720 | 1 |aDrover, Glenn |
| 720 | 1 |aWade, William |
| 830 | #0|aResearch report (Canada Mortgage and Housing Corporation : Online)|w(CaOODSP)9.506068 |
| 856 | 40|ahttp://publications.gc.ca|qPDF|s3.14 MB|uhttps://publications.gc.ca/collections/collection_2011/schl-cmhc/nh18-1-2/NH18-1-2-162-2006-eng.pdf |